000 00278nam a22001337a 4500
008 170802b xxu||||| |||| 00| 0 eng d
020 _a3528049286
041 _aeng
080 _a004
100 _a32
101 _aSHK
245 _aCIM-LEHRBUCH
_cSCHULER,U
942 _2udc
_cBK
999 _c22554
_d22554